00574nam a2200181 a 45000010005000000030009000050050017000140080041000310400028000720820024001002450078001242600045002023000022002475040041002695050012003106500043003227100027003659582BD-DhUAP20210127093837.0200216s1992 bg b 00| 0 eng d aBD-DhUAPcBD-DhUAPbEng00223a348.5492046 BAN aBangladesh legal decisions /cedited by Mohammad Fazlul Karim...[et al.]. aDhaka :bBangladesh bar council,cc2002. avolumes ;c24 cm. aIncludes bibliographical references. aV. 22-- aLaw reports, digests, etczBangladesh. aBangladesh Bar Council